Content Management System pre IS FHI - Systém na správu obsahu web stránok

Guardado en:
Detalles Bibliográficos
Autor principal: Blahušiak, Martin
Formato: Capítulo de libro
Lenguaje:eslovaco
Etiquetas: Agregar Etiqueta
Sin Etiquetas, Sea el primero en etiquetar este registro!

MARC

LEADER 00000nla$a2200000$$$4500
001 0062303
005 20240502071712.6
041 0 |a slo 
044 |a SK 
245 1 0 |a Content Management System pre IS FHI - Systém na správu obsahu web stránok  |c Martin Blahušiak 
100 1 |a Blahušiak, Martin